000 02374nmm a2200301 a 4500
003 CO-CtgCURN
005 20250721153718.0
007 co cga0aauuu
008 190716s2016 xx f 000 0 spa d
040 _aCO-CtgCURN
_bspa
_ccoctgcurn
082 _aDER 2016
_bB456d
100 _aOsorio Kelly, Enrique Hernán
_eautor
_93729
245 0 _aDemanda ejecutiva de alimentos por el incumplimiento de la obligación de un padre
_h[electronic resource] /
_cEnrique Hernán Osorio Kelly; Javier Pimiento Plata; Jesualdo Quiceno Vanegas; asesor., Juan Carlos Berrocal Durán
260 _aBarranquilla, Atlántico :
_bCorporación Universitaria Rafael Núñez,
_c2016
300 _a1 recurso en línea (25 páginas (PDF))
502 _aTrabajo de Grado (Abogado). Corporación Universitaria Rafael Núñez. Facultad de Ciencias Sociales y Humanas. Programa de Derecho, 2016
504 _aIncluye referencias bibliográficas
520 _aSe presenta Línea Jurisprudencial acerca de la Inasistencia alimentaria en menor de edad , en razón de que si el padre de los menores que se obligó a aportar y esto consta en un acta de conciliación que reúna los requisitos legales, se puede iniciar, con la asesoría de un abogado, un proceso ante los jueces de familia, denominado "proceso ejecutivo alimentario", para que el juez le ordene el pago de las cuotas mensuales dejadas de pagar hasta el momento de la presentación de la demanda, con sus respectivos intereses de mora, y las cuotas que en lo sucesivo se vayan causando a favor de los niños. Por tanto, la presente Línea Jurisprudencial pretende establecer la necesidad o no de esta demanda por el incumplimiento alimentario de un padre, a la cual se accede una vez se hayan agotado los demás medios existentes para tal fin.
521 _aAREA PROFESIONAL
590 _aPrograma de Derecho_18
650 _aDerecho
_vTesis y disertaciones académicas
_93730
700 _aPimiento Plata, Javier
_eautor
_93731
700 _aQuiceno Vanegas, Jesualdo
_eautor
_93732
700 _aBerrocal Durán, Juan Carlos
_easesor
_93733
856 _uhttps://unicurn.sharepoint.com/:b:/s/biblioteca/EfwkgkHI0xJDuWM-O3jAjYEBcetcAW6FOJi2kbP7crQl8A?e=E2k0XC
_yConsulte aquí el texto completo
942 _cTG
_hDER 2016
_iB456d
_2ddc
_n0
999 _c411
_d411